Engineering hydrology / (Record no. 75911)
[ view plain ]
| 000 -LEADER | |
|---|---|
| fixed length control field | 00620nam a22002177a 4500 |
| 005 - DATE AND TIME OF LATEST TRANSACTION | |
| control field | 20130523123826.0 |
| 010 ## - LCCN (DPL NO) | |
| LC control number | ENG-107257 |
| 020 ## - INTERNATIONAL STANDARD BOOK NUMBER | |
| International Standard Book Number | 9781259029974 |
| Terms of availability | 450.00 |
| 020 ## - INTERNATIONAL STANDARD BOOK NUMBER | |
| International Standard Book Number | 1259029972 |
| Terms of availability | 450.00 |
| 035 ## - SYSTEM CONTROL NUMBER | |
| System control number | EN-90790 |
| 037 ## - SOURCE OF ACQUISITION | |
| Source of stock number/acquisition | DBAD/PUB |
| 082 ## - DEWEY DECIMAL CLASSIFICATION NUMBER | |
| Classification number | 627 |
| 100 ## - MAIN ENTRY--PERSONAL NAME | |
| Personal name | Subramanya, K. |
| 245 ## - TITLE STATEMENT | |
| Title | Engineering hydrology / |
| Statement of responsibility, etc | by K Subramanya |
| 250 ## - EDITION STATEMENT | |
| Edition statement | 4th ed |
| 260 ## - PUBLICATION, DISTRIBUTION, ETC. (IMPRINT) | |
| Place of publication, distribution, etc | New Delhi |
| Name of publisher, distributor, etc | Tata McGraw Hill |
| Date of publication, distribution, etc | 2013 |
| 270 ## - ADDRESS | |
| Address | P-24, Green Park Park, Extention |
| City | New Delhi |
| Postal code | 110095 |
| 300 ## - PHYSICAL DESCRIPTION | |
| Extent | xvi, 534p.: |
| Other physical details | ill.,maps |
| Dimensions | 24cm(pbk) |
| 500 ## - GENERAL NOTE | |
| General note | Includes index |
| 942 ## - ADDED ENTRY ELEMENTS (KOHA) | |
| Source of classification or shelving scheme | Dewey Decimal Classification |
| Item type | English Books |
| Classification part | 627 |
| Call number suffix | SUB |
| Withdrawn status | Lost status | Not for loan | Collection code | Home library | Current library | Date acquired | Source of acquisition | Cost, normal purchase price | Full call number | Barcode | Copy number | Cost, replacement price | Koha item type |
|---|---|---|---|---|---|---|---|---|---|---|---|---|---|
| Not For Loan | Non-fiction | D.B.Act.Division | D.B.Act.Division | 22/05/2013 | DBAD/PUB | 450.00 | 627 SUB | EN-90790 | 1 | 450.00 | English Books |
